[Event "Hilton Open 2012"]
[Site "Basel"]
[Date "2012.01.03"]
[Round "4"]
[White "Prohaszka, Peter"]
[Black "Vorotnikov, Vladislav V"]
[Result "1/2-1/2"]
[WhiteElo "2547"]
[BlackElo "2440"]
[PlyCount "56"]
[EventDate "2012.??.??"]
[EventRounds "7"]
[EventCountry "SUI"]
[SourceDate "2012.01.01"]

1. d4 Nf6 2. Nf3 d6 3. c4 c6 4. Nc3 Bg4 5. e4 e5 6. Be2 Nbd7 7. O-O Be7 8. Be3
Bh5 9. Nd2 Bg6 10. d5 c5 11. a3 h5 12. b4 b6 13. f4 exf4 14. Bxf4 O-O 15. Rc1
a6 16. Kh1 Qc7 17. Nf3 Ng4 18. h3 Nge5 19. Bxe5 dxe5 20. b5 Nf6 21. Qd3 a5 22.
Nh4 Ne8 23. Nf5 Nd6 24. Qg3 Bf6 25. Nxd6 Qxd6 26. Bd3 Qe7 27. Rce1 Rad8 28. Ne2
Qd6 1/2-1/2

[Event "Hilton Open 2012"]
[Site "Basel"]
[Date "2012.01.03"]
[Round "4"]
[White "Vorobiov, Evgeny E"]
[Black "Grandadam, Nicolas"]
[Result "1/2-1/2"]
[WhiteElo "2589"]
[BlackElo "2342"]
[PlyCount "37"]
[EventDate "2012.??.??"]
[EventRounds "7"]
[EventCountry "SUI"]
[SourceDate "2012.01.01"]

1. c4 c6 2. d4 d5 3. Nf3 Nf6 4. e3 Bg4 5. Qb3 Qb6 6. Nc3 e6 7. Nh4 Bh5 8. h3
Be7 9. g4 Bg6 10. Nxg6 hxg6 11. Bg2 Na6 12. Bd2 Nd7 13. O-O-O Qb4 14. Bf1 Qxb3
15. axb3 Nb4 16. Kb1 O-O-O 17. Na2 Nxa2 18. Kxa2 g5 19. Bg2 1/2-1/2

[Event "Hilton Open 2012"]
[Site "Basel"]
[Date "2012.01.03"]
[Round "4"]
[White "Hera, Imre Jr"]
[Black "Metz, Hartmut"]
[Result "1-0"]
[WhiteElo "2558"]
[BlackElo "2319"]
[PlyCount "104"]
[EventDate "2012.??.??"]
[EventRounds "7"]
[EventCountry "SUI"]
[SourceDate "2012.01.01"]

1. c4 c6 2. d4 d5 3. e3 Nf6 4. Nf3 a6 5. Bd3 Bg4 6. Nbd2 e6 7. Qc2 Nbd7 8. b3
Be7 9. O-O Bh5 10. Bb2 Bg6 11. Bxg6 hxg6 12. Rad1 Qc7 13. cxd5 exd5 14. Ne5 Bd6
15. f4 Nf8 16. e4 O-O-O 17. Rc1 dxe4 18. Nxe4 Nxe4 19. Qxe4 f5 20. Qe3 Bxe5 21.
dxe5 Ne6 22. Ba3 Rd4 23. Bd6 Qa5 24. b4 Qd5 25. h3 Rd3 26. Qf2 Qd4 27. Bc5
Qxf2+ 28. Rxf2 Rhd8 29. Bd6 Kd7 30. a4 b6 31. Rff1 Rc8 32. Kh2 c5 33. bxc5 bxc5
34. Rb1 Kc6 35. a5 Kd5 36. Rb6 c4 37. Rxa6 c3 38. Bb4 Nd8 39. Rd6+ Kc4 40. Rxd3
Kxd3 41. Bxc3 Ne6 42. Rd1+ Ke2 43. Rd6 Nxf4 44. Bd2 Nd3 45. e6 Kxd2 46. a6 Ke3
47. e7 Ne5 48. Rd8 Nf3+ 49. gxf3 Rc2+ 50. Kg3 f4+ 51. Kh4 Kxf3 52. e8=Q Rc5 1-0

[Event "Hilton Open 2012"]
[Site "Basel"]
[Date "2012.01.03"]
[Round "4"]
[White "Cebalo, Miso"]
[Black "Alfred, Nathan"]
[Result "1-0"]
[WhiteElo "2444"]
[BlackElo "2288"]
[PlyCount "101"]
[EventDate "2012.??.??"]
[EventRounds "7"]
[EventCountry "SUI"]
[SourceDate "2012.01.01"]

1. c4 Nf6 2. Nc3 g6 3. d4 Bg7 4. e4 d6 5. f4 O-O 6. Nf3 c5 7. d5 e6 8. Be2 exd5
9. cxd5 Bg4 10. O-O Nbd7 11. h3 Bxf3 12. Bxf3 Re8 13. a4 c4 14. Be3 Qa5 15. Bd4
Nc5 16. e5 Nfd7 17. e6 fxe6 18. dxe6 Nxe6 19. Bxg7 Kxg7 20. Nb5 Nf6 21. f5 Qb6+
22. Kh1 Ng5 23. Qxd6 Rad8 24. Qf4 Qe3 25. Qxc4 Rd2 26. Ra3 Qe5 27. Bxb7 Re7 28.
Bc6 gxf5 29. Qf4 Qxf4 30. Rxf4 Re1+ 31. Kh2 Kg6 32. Bf3 h5 33. Nd4 Rxb2 34.
Nxf5 Nfe4 35. Nh4+ Kg7 36. Rd3 Rh1+ 37. Kxh1 Nf2+ 38. Kh2 Nxd3 39. Rd4 Nxf3+
40. Nxf3 Nc5 41. Rc4 Ne6 42. Nd4 Nxd4 43. Rxd4 Ra2 44. Rd7+ Kg6 45. Rxa7 h4 46.
Ra8 Kg7 47. a5 Ra1 48. a6 Kh7 49. a7 Kg7 50. Rb8 Rxa7 51. Rb4 1-0

[Event "Hilton Open 2012"]
[Site "Basel"]
[Date "2012.01.03"]
[Round "4"]
[White "Xheladini, Mahmut"]
[Black "Enchev, Ivajlo"]
[Result "1/2-1/2"]
[WhiteElo "2278"]
[BlackElo "2430"]
[PlyCount "81"]
[EventDate "2012.??.??"]
[EventRounds "7"]
[EventCountry "SUI"]
[SourceDate "2012.01.01"]

1. e4 c5 2. Nf3 e6 3. Nc3 a6 4. a4 Nc6 5. Bc4 Nge7 6. O-O g6 7. Re1 Bg7 8. d3
O-O 9. Bd2 d5 10. Ba2 h6 11. h3 Nb4 12. Bb1 Qc7 13. Qc1 Kh7 14. Ne2 e5 15. c3
Nbc6 16. b4 Qd6 17. bxc5 Qxc5 18. Nxe5 Nxe5 19. d4 Qc7 20. dxe5 dxe4 21. Bxe4
Qxe5 22. Ng3 Qc5 23. Rb1 Nc6 24. c4 Be6 25. Rxb7 Rac8 26. Bd3 Ne5 27. Bf1 Qc6
28. Rb4 a5 29. Rb5 Nxc4 30. Bxc4 Bxc4 31. Rxa5 Rfd8 32. Be3 Qd6 33. Ne4 Qb4 34.
Rc5 Bb2 35. Bd2 Rxd2 36. Qxc4 Qxc4 37. Rxc4 Rxc4 38. Nxd2 Rxa4 39. Re7 Kg7 40.
g3 Bd4 41. Rd7 1/2-1/2

[Event "Hilton Open 2012"]
[Site "Basel"]
[Date "2012.01.03"]
[Round "4"]
[White "Hess, Christian Mathias"]
[Black "Lekic, Dusan"]
[Result "1/2-1/2"]
[WhiteElo "2256"]
[BlackElo "2402"]
[PlyCount "57"]
[EventDate "2012.??.??"]
[EventRounds "7"]
[EventCountry "SUI"]
[SourceDate "2012.01.01"]

1. Nf3 c5 2. c4 Nc6 3. Nc3 Nf6 4. e3 e6 5. d4 d5 6. cxd5 exd5 7. Be2 a6 8. O-O
Bd6 9. dxc5 Bxc5 10. a3 O-O 11. b4 Ba7 12. Bb2 Bg4 13. Rc1 Qd6 14. Na4 Ne4 15.
Nd4 Bxe2 16. Qxe2 Nxd4 17. Bxd4 Bxd4 18. exd4 a5 19. Nc5 axb4 20. axb4 b6 21.
Nxe4 dxe4 22. Qxe4 Qxb4 23. Rb1 Qd6 24. Rfc1 Rfe8 25. Qd3 g6 26. d5 Ra2 27. Qd4
Ra5 28. Rxb6 Qxd5 29. Qxd5 1/2-1/2

[Event "Hilton Open 2012"]
[Site "Basel"]
[Date "2012.01.03"]
[Round "4"]
[White "Kelecevic, Nedeljko"]
[Black "Dann, Matthias"]
[Result "1/2-1/2"]
[WhiteElo "2245"]
[BlackElo "2381"]
[PlyCount "22"]
[EventDate "2012.??.??"]
[EventRounds "7"]
[EventCountry "SUI"]
[SourceDate "2012.01.01"]

1. d4 Nf6 2. c4 e6 3. Nc3 Bb4 4. Qc2 O-O 5. e4 d6 6. e5 Nfd7 7. exd6 cxd6 8.
Bd3 h6 9. Nf3 Nc6 10. O-O Bxc3 11. Qxc3 e5 1/2-1/2

[Event "Hilton Open 2012"]
[Site "Basel"]
[Date "2012.01.03"]
[Round "4"]
[White "Filipovic, Branko"]
[Black "Stankovic, Zeljko"]
[Result "1-0"]
[WhiteElo "2374"]
[BlackElo "2200"]
[PlyCount "113"]
[EventDate "2012.??.??"]
[EventRounds "7"]
[EventCountry "SUI"]
[SourceDate "2012.01.01"]

1. e4 c5 2. Ne2 Nc6 3. Nbc3 e6 4. d4 cxd4 5. Nxd4 Qc7 6. Be2 a6 7. O-O Nf6 8.
Be3 Bb4 9. Nxc6 Qxc6 10. Bd3 Bxc3 11. bxc3 d6 12. c4 e5 13. Rb1 O-O 14. Rb6 Qc7
15. Rb3 Nd7 16. Qh5 Nc5 17. Rbb1 g6 18. Qh4 f5 19. exf5 Bxf5 20. Bxf5 Rxf5 21.
Bxc5 dxc5 22. Qe4 Qc6 23. Qxc6 bxc6 24. Rfd1 Raf8 25. f3 Rf4 26. Rb7 R8f7 27.
Rb8+ Kg7 28. Re8 Rxc4 29. Rd2 Rb7 30. Rxe5 Rb1+ 31. Kf2 Rb2 32. Ree2 Rxa2 33.
g4 Rf4 34. Re3 Rc4 35. Re7+ Kf6 36. Rxh7 Rcxc2 37. Rxc2 Rxc2+ 38. Ke3 Rc3+ 39.
Kf4 Rc4+ 40. Kg3 Rb4 41. Rc7 Ke5 42. Rxc6 c4 43. Rxg6 c3 44. Rxa6 Kd4 45. Ra1
c2 46. Rc1 Kd3 47. h4 Kd2 48. Rxc2+ Kxc2 49. h5 Kd3 50. h6 Rb1 51. g5 Rh1 52.
Kf4 Kd4 53. Kf5 Rh3 54. f4 Kd5 55. Kg6 Ke6 56. h7 Rh1 57. Kg7 1-0

[Event "Hilton Open 2012"]
[Site "Basel"]
[Date "2012.01.03"]
[Round "4"]
[White "Wirthensohn, Heinz"]
[Black "Curien, Nicolas"]
[Result "1/2-1/2"]
[WhiteElo "2352"]
[BlackElo "2177"]
[PlyCount "43"]
[EventDate "2012.??.??"]
[EventRounds "7"]
[EventCountry "SUI"]
[SourceDate "2012.01.01"]

1. d4 d5 2. Bf4 c5 3. e3 Nc6 4. c3 Bf5 5. dxc5 e5 6. Bg3 Bxc5 7. Nf3 f6 8. Nbd2
Nge7 9. Be2 O-O 10. O-O a5 11. Qa4 Bd7 12. Bb5 Nf5 13. e4 Nxg3 14. hxg3 Be6 15.
Nb3 Qe7 16. exd5 Bxd5 17. Bc4 Bf7 18. Bxf7+ Rxf7 19. Nxc5 Qxc5 20. g4 b5 21.
Qe4 Rd8 22. Rfd1 1/2-1/2

[Event "Hilton Open 2012"]
[Site "Basel"]
[Date "2012.01.03"]
[Round "4"]
[White "Toth, Bela"]
[Black "Seitz, Benjamin"]
[Result "1-0"]
[WhiteElo "2350"]
[BlackElo "2128"]
[PlyCount "53"]
[EventDate "2012.??.??"]
[EventRounds "7"]
[EventCountry "SUI"]
[SourceDate "2012.01.01"]

1. d4 d5 2. c4 e6 3. Nc3 Nf6 4. cxd5 exd5 5. Bg5 Be7 6. e3 c6 7. Qc2 Nbd7 8.
Bd3 O-O 9. Nf3 Re8 10. O-O h6 11. Bf4 Nh5 12. Nxd5 Nxf4 13. Nxf4 Nf6 14. Ne2
Be6 15. Nc3 Qa5 16. a3 Qh5 17. Ne2 Qa5 18. b4 Qb6 19. Nc3 a5 20. Na4 Qa7 21. b5
cxb5 22. Bxb5 Rac8 23. Qb2 Red8 24. Rac1 Ne4 25. Bd3 Bd5 26. Rxc8 Rxc8 27. Nb6
1-0

[Event "Hilton Open 2012"]
[Site "Basel"]
[Date "2012.01.03"]
[Round "4"]
[White "Graeber, Fabien"]
[Black "Dobosz, Henryk"]
[Result "0-1"]
[WhiteElo "2074"]
[BlackElo "2396"]
[PlyCount "70"]
[EventDate "2012.??.??"]
[EventRounds "7"]
[EventCountry "SUI"]
[SourceDate "2012.01.01"]

1. c4 e6 2. Nc3 d5 3. d4 Be7 4. cxd5 exd5 5. Bf4 Nf6 6. e3 O-O 7. Bd3 Re8 8.
Qc2 Nc6 9. a3 a6 10. Nge2 Be6 11. O-O h6 12. Ng3 Bf8 13. Rad1 g5 14. Be5 Nxe5
15. dxe5 Ng4 16. Bc4 c6 17. e4 dxc4 18. Rxd8 Rexd8 19. h4 Rd3 20. Nf5 Nxe5 21.
hxg5 hxg5 22. Qe2 g4 23. f4 Bc5+ 24. Kh1 Bxf5 25. exf5 Re3 26. Qd1 Kg7 27. f6+
Kg6 28. g3 Rh8+ 29. Kg2 Rh3 30. Ne2 Nd3 31. Qd2 b5 32. Rh1 Rxh1 33. Kxh1 Kxf6
34. Qc3+ Kf5 35. Qg7 Rxe2 0-1

[Event "Hilton Open 2012"]
[Site "Basel"]
[Date "2012.01.03"]
[Round "4"]
[White "Borda, Alan"]
[Black "Kolbus, Dietmar"]
[Result "1/2-1/2"]
[WhiteElo "2157"]
[BlackElo "2325"]
[PlyCount "104"]
[EventDate "2012.??.??"]
[EventRounds "7"]
[EventCountry "SUI"]
[SourceDate "2012.01.01"]

1. d4 f5 2. Nf3 Nf6 3. g3 g6 4. Bg2 Bg7 5. O-O O-O 6. b3 d6 7. e3 c6 8. Bb2 Na6
9. c4 Ne4 10. Qe2 e6 11. Nfd2 Nxd2 12. Qxd2 e5 13. dxe5 dxe5 14. Rd1 Be6 15.
Na3 Qxd2 16. Rxd2 Rfd8 17. Rad1 Rxd2 18. Rxd2 e4 19. Bxg7 Kxg7 20. Nb1 Kf6 21.
Kf1 Nc5 22. Kg1 a5 23. Bf1 Ke7 24. Be2 Ra6 25. Kf1 Rb6 26. Rb2 Nd7 27. Nc3 Ra6
28. Ke1 Ra8 29. Rb1 Ne5 30. Na4 Nd7 31. Kd2 Rb8 32. Nc3 Nc5 33. Kc2 g5 34. Rh1
f4 35. exf4 gxf4 36. Re1 f3 37. Bf1 Kf6 38. Nd1 b5 39. cxb5 cxb5 40. Ne3 Ke5
41. Rd1 a4 42. bxa4 Bxa2 43. Kb2 Nxa4+ 44. Kxa2 Nc3+ 45. Kb3 Nxd1 46. Nxd1 b4
47. Ne3 Kd4 48. h4 Rb7 49. Kb2 Rb8 50. Kb3 Rb7 51. Kb2 Rb8 52. Kb3 Rb7 1/2-1/2

[Event "Hilton Open 2012"]
[Site "Basel"]
[Date "2012.01.03"]
[Round "4"]
[White "Schmidt, Ralf"]
[Black "Lutz, Bernhard"]
[Result "1/2-1/2"]
[WhiteElo "2156"]
[BlackElo "2321"]
[PlyCount "70"]
[EventDate "2012.??.??"]
[EventRounds "7"]
[EventCountry "SUI"]
[SourceDate "2012.01.01"]

1. e4 e6 2. d4 d5 3. e5 c5 4. c3 Qb6 5. Nf3 Nc6 6. a3 c4 7. g3 Na5 8. Nbd2 Bd7
9. Bh3 Ne7 10. O-O h6 11. Ne1 O-O-O 12. Ng2 Kb8 13. f4 h5 14. Qc2 Nf5 15. Bxf5
exf5 16. Ne3 Qe6 17. Nf3 Be7 18. h4 Nb3 19. Rb1 g6 20. Nd1 Ba4 21. Qe2 Nxc1 22.
Rxc1 Bxd1 23. Rfxd1 Qb6 24. Re1 Rhe8 25. Qd2 Qe6 26. Re2 Rc8 27. Qc2 Rc6 28.
Qd1 Rb6 29. Rec2 Rc8 30. Qf1 Rbc6 31. Qg2 Kc7 32. Nd2 Rd8 33. Nf1 b5 34. Ne3 a5
35. Kf2 Rd7 1/2-1/2

[Event "Hilton Open 2012"]
[Site "Basel"]
[Date "2012.01.03"]
[Round "4"]
[White "Ghader Pour, Shayesteh"]
[Black "Dunn, Alan"]
[Result "1-0"]
[WhiteElo "2242"]
[BlackElo "2135"]
[PlyCount "47"]
[EventDate "2012.??.??"]
[EventRounds "7"]
[EventCountry "SUI"]
[SourceDate "2012.01.01"]

1. e4 c5 2. Nf3 d6 3. d4 cxd4 4. Nxd4 Nf6 5. Nc3 a6 6. Bc4 e6 7. O-O b5 8. Bb3
b4 9. Na4 Nxe4 10. f4 Be7 11. f5 d5 12. fxe6 fxe6 13. Qg4 Bf6 14. Nxe6 Ke7 15.
Qxe4 dxe4 16. Nxd8 Rxd8 17. Be3 Nc6 18. Nb6 Rb8 19. Nd5+ Ke8 20. Nxf6+ gxf6 21.
Rxf6 Nd4 22. Raf1 Nxb3 23. Rf8+ Kd7 24. Rd1+ 1-0

[Event "Hilton Open 2012"]
[Site "Basel"]
[Date "2012.01.03"]
[Round "4"]
[White "Soulas, Gilles"]
[Black "Minko, Vladimir"]
[Result "0-1"]
[WhiteElo "2211"]
[BlackElo "2038"]
[PlyCount "118"]
[EventDate "2012.??.??"]
[EventRounds "7"]
[EventCountry "SUI"]
[SourceDate "2012.01.01"]

1. d4 Nf6 2. Nf3 c5 3. d5 b5 4. Bg5 Ne4 5. Bf4 d6 6. e3 b4 7. Nbd2 Nxd2 8. Nxd2
g6 9. Bb5+ Bd7 10. Bd3 Bg7 11. Nc4 O-O 12. a4 Bc8 13. O-O a5 14. e4 Nd7 15. Re1
Ba6 16. Rb1 Qc7 17. b3 Nb6 18. Qe2 Bxc4 19. Bxc4 Nxc4 20. Qxc4 Rad8 21. Re2
Rfe8 22. Rbe1 Bc3 23. Bd2 Bd4 24. Kh1 e6 25. dxe6 Rxe6 26. f3 Qc6 27. c3 bxc3
28. Bxc3 Bxc3 29. Qxc3 Qb6 30. Rd2 d5 31. Red1 d4 32. Qc4 Re5 33. Rc2 Rb8 34.
Rb1 Qd6 35. Qd3 Re7 36. Rbc1 Rc7 37. Kg1 Rb4 38. Rc4 Qb6 39. Rxb4 Qxb4 40. Kf1
Rb7 41. Qc4 Qd2 42. Qc2 Qe3 43. Qxc5 Rxb3 44. Re1 Qd3+ 45. Kg1 Qd2 46. Qc1 Qb4
47. Rd1 d3 48. Qc8+ Kg7 49. Qd7 Qc5+ 50. Kh1 Qc3 51. f4 Rb2 52. f5 Rf2 53. h3
d2 54. e5 Qxe5 55. f6+ Kxf6 56. Qd8+ Kg7 57. Kg1 Qe1+ 58. Kh2 Qxd1 59. Qd4+ Rf6
0-1

[Event "Hilton Open 2012"]
[Site "Basel"]
[Date "2012.01.03"]
[Round "4"]
[White "Deubelbeiss, Rene"]
[Black "Garner, David"]
[Result "1/2-1/2"]
[WhiteElo "2007"]
[BlackElo "2165"]
[PlyCount "152"]
[EventDate "2012.??.??"]
[EventRounds "7"]
[EventCountry "SUI"]
[SourceDate "2012.01.01"]

1. c4 b6 2. Nc3 e6 3. e4 Bb7 4. g3 Bb4 5. Nge2 f5 6. Bg2 Nf6 7. O-O fxe4 8. d3
Nc6 9. Nxe4 O-O 10. d4 Na5 11. Nxf6+ Qxf6 12. Bxb7 Nxb7 13. Be3 Be7 14. Rc1 Qf5
15. Bf4 d6 16. Qa4 e5 17. Be3 Qf3 18. Rc2 Rf7 19. b4 h5 20. dxe5 dxe5 21. Qb5
Qe4 22. Rd2 c6 23. Qa4 Raf8 24. Qd1 h4 25. gxh4 Bxb4 26. Ng3 Qxh4 27. Rd7 Bc5
28. Rxf7 Rxf7 29. Qd3 Bxe3 30. Qxe3 Qd4 31. Qg5 Qf4 32. Qh5 Nc5 33. Qg6 Qf6 34.
Qxf6 Rxf6 35. Rd1 Kf7 36. Rd8 Rf4 37. Rc8 Rxc4 38. Rxc6 Ra4 39. Rc7+ Kg6 40. h4
Rxh4 41. Rxa7 Ra4 42. Rc7 Rxa2 43. Rc6+ Kg5 44. Rxb6 Nd3 45. Rb7 Nxf2 46. Rxg7+
Kf4 47. Nh5+ Ke4 48. Rg3 Nd3 49. Nf6+ Kd4 50. Rg8 Nf4 51. Rd8+ Ke3 52. Ng4+ Ke4
53. Nxe5 Kxe5 54. Rb8 Nh3+ 55. Kf1 Ng5 56. Rb5+ Kf4 57. Ke1 Nf3+ 58. Kd1 Ne5
59. Rb3 Ke4 60. Rb8 Nc6 61. Rc8 Nd4 62. Rh8 Ke3 63. Rh3+ Nf3 64. Kc1 Rf2 65.
Rh8 Kd3 66. Ra8 Rc2+ 67. Kd1 Rc3 68. Rd8+ Nd4 69. Ke1 Rc2 70. Kf1 Ke3 71. Re8+
Kf4 72. Rf8+ Nf5 73. Ke1 Ke3 74. Re8+ Kd3 75. Rd8+ Nd4 76. Kf1 Ra2 1/2-1/2

[Event "Hilton Open 2012"]
[Site "Basel"]
[Date "2012.01.03"]
[Round "4"]
[White "Milliet, Sophie"]
[Black "Gass, Ulrich"]
[Result "1/2-1/2"]
[WhiteElo "2404"]
[BlackElo "2101"]
[PlyCount "74"]
[EventDate "2012.??.??"]
[EventRounds "7"]
[EventCountry "SUI"]
[SourceDate "2012.01.01"]

1. e4 d6 2. d4 Nf6 3. Nc3 g6 4. Be3 c6 5. h3 b5 6. e5 b4 7. exf6 bxc3 8. fxe7
Qxe7 9. bxc3 Bh6 10. Qd2 O-O 11. Be2 Bxe3 12. Qxe3 Qd7 13. Qf4 Re8 14. Kf1 Qe6
15. Bd3 Ba6 16. Qg4 f5 17. Qe2 Qf7 18. Qd2 Bc4 19. h4 h5 20. Ne2 Nd7 21. Qh6
Bxd3 22. cxd3 Rab8 23. Nf4 Nf8 24. Kg1 Ne6 25. Re1 Nxf4 26. Rxe8+ Rxe8 27. Qxf4
Qxa2 28. Qxd6 Re6 29. Qf4 a5 30. Kh2 Kg7 31. Qc7+ Kh6 32. Qb8 Re7 33. Re1 Qxf2
34. Qf8+ Rg7 35. Qh8+ Rh7 36. Qf8+ Rg7 37. Qh8+ Rh7 1/2-1/2

[Event "Hilton Open 2012"]
[Site "Basel"]
[Date "2012.01.03"]
[Round "4"]
[White "Paul, Mathias"]
[Black "Vulevic, Vjekoslav"]
[Result "0-1"]
[WhiteElo "2073"]
[BlackElo "2294"]
[PlyCount "89"]
[EventDate "2012.??.??"]
[EventRounds "7"]
[EventCountry "SUI"]
[SourceDate "2012.01.01"]

1. e4 d6 2. d4 Nf6 3. Nc3 g6 4. f3 Bg7 5. Be3 c6 6. Qd2 b5 7. Bd3 h5 8. h4 Nbd7
9. Nh3 Nb6 10. Ng5 Qc7 11. Qe2 O-O 12. a4 b4 13. Nd1 c5 14. a5 Nbd7 15. c3 cxd4
16. cxd4 e5 17. O-O d5 18. Nf2 dxe4 19. Nfxe4 Nd5 20. Rfc1 Qb8 21. Bf2 Nf4 22.
Qd2 exd4 23. Bc4 d3 24. Bxf7+ Rxf7 25. Rxc8+ Qxc8 26. Nxf7 Ne2+ 27. Kh1 Qc2 28.
Qg5 Rf8 29. Nh6+ Kh7 30. Qe7 Ne5 31. Ng5+ Kxh6 32. Ne6 Rg8 33. Nxg7 Rxg7 34.
Qxe5 Kh7 35. Bc5 Qc4 36. Be7 Rf7 37. Bg5 Nf4 38. Kh2 d2 39. Qd6 Nxg2 40. Qxd2
Nxh4 41. Bxh4 Qxh4+ 42. Kg2 Rf5 43. Qd7+ Kh6 44. Rg1 Rg5+ 45. Kf1 0-1

[Event "Hilton Open 2012"]
[Site "Basel"]
[Date "2012.01.03"]
[Round "4"]
[White "Sperzel, Bernd"]
[Black "Braeunlin, Klaus"]
[Result "0-1"]
[WhiteElo "1983"]
[BlackElo "2155"]
[PlyCount "56"]
[EventDate "2012.??.??"]
[EventRounds "7"]
[EventCountry "SUI"]
[SourceDate "2012.01.01"]

1. d4 Nf6 2. Nf3 e6 3. c4 Bb4+ 4. Bd2 Be7 5. Nc3 d5 6. g3 c6 7. cxd5 exd5 8.
Bg2 O-O 9. O-O Re8 10. a3 Nbd7 11. b4 Nb6 12. Ne5 Ng4 13. Na4 Nxe5 14. Nxb6
Nf3+ 15. exf3 Qxb6 16. Be3 Bd7 17. Re1 a5 18. Rb1 axb4 19. axb4 Bf5 20. Rb2 Bf6
21. Bf1 Bxd4 22. Bxd4 Rxe1 23. Qxe1 Qxd4 24. Re2 g6 25. Re8+ Rxe8 26. Qxe8+ Kg7
27. g4 Be6 28. Qe7 Qf6 0-1

[Event "Hilton Open 2012"]
[Site "Basel"]
[Date "2012.01.03"]
[Round "4"]
[White "Heinis, Vincent"]
[Black "Staechelin, Ruedi"]
[Result "1-0"]
[WhiteElo "2146"]
[BlackElo "2079"]
[PlyCount "71"]
[EventDate "2012.??.??"]
[EventRounds "7"]
[EventCountry "SUI"]
[SourceDate "2012.01.01"]

1. Nf3 d5 2. c4 c6 3. g3 Nf6 4. Bg2 e6 5. b3 Be7 6. O-O O-O 7. Bb2 b6 8. e3 Bb7
9. Nc3 Nbd7 10. Qe2 Rc8 11. d4 Qc7 12. Rfd1 Rfd8 13. Rac1 Qb8 14. e4 Nxe4 15.
Nxe4 dxe4 16. Qxe4 c5 17. Qe2 Bf6 18. d5 exd5 19. cxd5 Bxb2 20. Qxb2 Nf6 21.
Nh4 Rc7 22. Nf5 Rcd7 23. Rc4 Re8 24. d6 Bxg2 25. Rg4 Re6 26. Rxg7+ Kf8 27. Rxh7
Kg8 28. Rg7+ Kf8 29. Rh7 Kg8 30. Rg7+ Kf8 31. Kxg2 Rdxd6 32. Rxd6 Rxd6 33. Nxd6
Qxd6 34. Rg5 Nd7 35. Qh8+ Ke7 36. Qh4 1-0

[Event "Hilton Open 2012"]
[Site "Basel"]
[Date "2012.01.03"]
[Round "4"]
[White "Benoughidene, Ouaheb"]
[Black "Terraz, Christian"]
[Result "1/2-1/2"]
[WhiteElo "1824"]
[BlackElo "2130"]
[PlyCount "88"]
[EventDate "2012.??.??"]
[EventRounds "7"]
[EventCountry "SUI"]
[SourceDate "2012.01.01"]

1. d4 Nf6 2. c4 g6 3. Nc3 Bg7 4. e4 d6 5. f3 O-O 6. Be3 e5 7. Nge2 exd4 8. Nxd4
Nc6 9. Nc2 Re8 10. Qd2 Ne5 11. O-O-O Be6 12. Na3 a6 13. Nd5 Nxd5 14. cxd5 Bd7
15. h3 f5 16. f4 Nf7 17. exf5 Rxe3 18. Qxe3 Qf6 19. Qf2 Bxf5 20. Bd3 Bd7 21.
Rhf1 c6 22. dxc6 bxc6 23. Nc4 Rb8 24. g4 d5 25. Nb6 Be8 26. Na4 Rb4 27. Qe1 Rb8
28. g5 Qd8 29. Rf2 Qd6 30. Bc4 Bd7 31. Bb3 Bf5 32. Qa5 h6 33. h4 Nd8 34. Qxa6
Qb4 35. Qe2 Ne6 36. Qd2 Qe4 37. Bc2 Qc4 38. b3 Qxa4 39. bxa4 Bb2+ 40. Kb1 Ba3+
41. Ka1 Bb2+ 42. Kb1 Ba3+ 43. Ka1 Bb2+ 44. Kb1 Bh8+ 1/2-1/2

[Event "Hilton Open 2012"]
[Site "Basel"]
[Date "2012.01.03"]
[Round "4"]
[White "Arounopoulos, Stephan"]
[Black "Sevenyuk, Alexey"]
[Result "1-0"]
[WhiteElo "2116"]
[BlackElo "1916"]
[PlyCount "111"]
[EventDate "2012.??.??"]
[EventRounds "7"]
[EventCountry "SUI"]
[SourceDate "2012.01.01"]

1. d4 d5 2. Nf3 c6 3. c4 e6 4. Nc3 Bd6 5. Bg5 Ne7 6. e3 f6 7. Bh4 O-O 8. Bd3
dxc4 9. Bxc4 Ng6 10. Bg3 Kh8 11. Bxd6 Qxd6 12. O-O Nd7 13. Qc2 Re8 14. Rad1 Qe7
15. Bd3 Ngf8 16. e4 e5 17. d5 Nb6 18. dxc6 bxc6 19. Na4 Qb4 20. Nc5 Nbd7 21.
Nb3 Bb7 22. a3 Qa4 23. Qc3 Ba6 24. Bxa6 Qxa6 25. Rd6 Re6 26. Rd2 Qb5 27. Rfd1
c5 28. Rc1 Rc8 29. Na5 Nb6 30. Nc4 Qxc4 31. Qxc4 Nxc4 32. Rxc4 Rec6 33. Kf1 Ne6
34. Rd7 R8c7 35. Rxc7 Rxc7 36. Ne1 Kg8 37. Nd3 Kf7 38. Ke2 Ke7 39. Kd2 Kd6 40.
Kc3 Rb7 41. Ra4 Rc7 42. Ra6+ Kd7 43. Kc4 Ke7 44. f3 h5 45. Ra5 Kd6 46. Ra6+ Ke7
47. Ra5 Kd6 48. Rb5 h4 49. Rb8 g5 50. a4 Nf4 51. Rd8+ Ke7 52. Nxf4 exf4 53. Rd5
Ke6 54. Rxc5 Rxc5+ 55. Kxc5 g4 56. h3 1-0

[Event "Hilton Open 2012"]
[Site "Basel"]
[Date "2012.01.03"]
[Round "4"]
[White "Klamp, Christoph"]
[Black "Suter, Stephan"]
[Result "1/2-1/2"]
[WhiteElo "2106"]
[BlackElo "2032"]
[PlyCount "74"]
[EventDate "2012.??.??"]
[EventRounds "7"]
[EventCountry "SUI"]
[SourceDate "2012.01.01"]

1. e4 c5 2. Nf3 Nc6 3. d4 cxd4 4. Nxd4 g6 5. c4 Nf6 6. Nc3 Nxd4 7. Qxd4 d6 8.
Be3 Bg7 9. Be2 O-O 10. Qd2 Be6 11. f3 a6 12. Rc1 Qa5 13. O-O Rfc8 14. b3 b5 15.
Nd5 Qxd2 16. Bxd2 Nxd5 17. exd5 Bd4+ 18. Kh1 Bd7 19. g4 bxc4 20. Rxc4 Rxc4 21.
Bxc4 Bb5 22. Rc1 Rc8 23. Bxb5 Rxc1+ 24. Bxc1 axb5 25. a4 bxa4 26. bxa4 Kf8 27.
Kg2 Ke8 28. Kf1 Kd7 29. Bg5 e5 30. Ke2 f5 31. Kd3 Bg1 32. h3 h5 33. gxh5 gxh5
34. Kc4 Kc7 35. Be7 Bc5 36. Bf6 Bf2 37. Be7 Bc5 1/2-1/2

[Event "Hilton Open 2012"]
[Site "Basel"]
[Date "2012.01.03"]
[Round "4"]
[White "Eidinger, Helmut"]
[Black "Moser, Guido"]
[Result "1-0"]
[WhiteElo "2104"]
[BlackElo "1994"]
[PlyCount "145"]
[EventDate "2012.??.??"]
[EventRounds "7"]
[EventCountry "SUI"]
[SourceDate "2012.01.01"]

1. e4 c5 2. Nf3 Nc6 3. d4 cxd4 4. Nxd4 g6 5. Nc3 Bg7 6. Be3 Nf6 7. Bc4 Qa5 8.
O-O O-O 9. Bb3 d6 10. h3 Bd7 11. Qd2 Qh5 12. Rad1 Rfe8 13. f4 Na5 14. Rf3 Nxb3
15. axb3 Qa5 16. Rdf1 Rf8 17. Re1 a6 18. Nd5 Qd8 19. Bf2 e6 20. Nc3 e5 21. Nde2
Bc6 22. Ng3 Qc7 23. Rd3 Rfd8 24. Rd1 exf4 25. Qxf4 Ne8 26. Qd2 Qa5 27. Nge2
Rac8 28. Nd4 Qh5 29. Nxc6 bxc6 30. Bd4 Bxd4+ 31. Rxd4 Qe5 32. Kh1 Rd7 33. Ra4
a5 34. Rda1 Ra8 35. b4 Rda7 36. Qd3 Kg7 37. b5 cxb5 38. Qxb5 Qc5 39. Qxc5 dxc5
40. Nd5 Nd6 41. b3 Nb7 42. Kg1 Rd8 43. g4 Ra6 44. g5 h6 45. gxh6+ Kxh6 46. Kf2
Re6 47. Kf3 Kg7 48. Ne3 Rd4 49. Rxd4 cxd4 50. Nc4 d3 51. cxd3 Nc5 52. Ke3 Nxb3
53. Ra3 a4 54. Rxa4 Nc5 55. Ra7 Ra6 56. Rxa6 Nxa6 57. d4 Kf6 58. d5 Nc7 59. Kd4
Na6 60. e5+ Ke7 61. Nb6 Nb8 62. Kc5 f5 63. h4 Na6+ 64. Kd4 Nb8 65. Ke3 Na6 66.
Kd4 Nb8 67. Na4 Na6 68. Nc5 Nb4 69. d6+ Kd8 70. e6 Nc6+ 71. Kd5 Nb4+ 72. Ke5
Nc6+ 73. Kf6 1-0

[Event "Hilton Open 2012"]
[Site "Basel"]
[Date "2012.01.03"]
[Round "4"]
[White "Bender, Dirk"]
[Black "Roesch, Mario"]
[Result "1/2-1/2"]
[WhiteElo "2069"]
[BlackElo "1975"]
[PlyCount "84"]
[EventDate "2012.??.??"]
[EventRounds "7"]
[EventCountry "SUI"]
[SourceDate "2012.01.01"]

1. c4 e5 2. g3 Nf6 3. Bg2 d5 4. cxd5 Nxd5 5. Nc3 Nb6 6. Nf3 Nc6 7. O-O Be7 8.
d3 O-O 9. Be3 Be6 10. Qd2 f6 11. Rfd1 Qe8 12. Ne1 Qf7 13. Nc2 Rfd8 14. Rf1 Nd5
15. f4 Nxe3 16. Nxe3 exf4 17. gxf4 f5 18. Kh1 Bc5 19. Nc2 Rab8 20. e3 Nb4 21.
d4 c6 22. a3 Nxc2 23. Qxc2 Bb6 24. b4 Rbc8 25. Bf3 Re8 26. Qg2 Rcd8 27. Rfe1
Bd5 28. Nxd5 cxd5 29. Rac1 Qd7 30. Bh5 Re6 31. Re2 Rc6 32. Rec2 Qe6 33. Bf3 Kh8
34. Qd2 Re8 35. Rc3 Rec8 36. a4 Rxc3 37. Rxc3 Rxc3 38. Qxc3 Qc6 39. Qxc6 bxc6
40. Be2 a5 41. bxa5 Bxa5 42. Kg2 Bb6 1/2-1/2